000
00453nam a2200145Ia 4500
008
090122s9999 xx 000 0 und d
082
_b
7299
_a
910.09
100
_a
घाणेकर
_b
प्र
_c
के
245
_a
कोकणतील पर्यटन
600
_a
घाणेकर
630
_a
कोकणतील पर्यटन
700
_a
घाणेकर
730
_a
कोकणतील पर्यटन
942
_c
BOOK
999
_c
31376
_d
31376